Statistiques concernant Culture Générale - Série 1369

Cliquez ici pour prendre le quiz!

Statistiques générales

  • Ce quiz a été pris 80 fois
  • Le résultat moyen est 7 sur 10

Statistiques - réponses

QuestionRéponse% Correct
On dit d'une personne très influente qu'elle a le bras...long
97%
Quel objet peut être "des vins" dans un restaurant et "routière" dans votre voiture ?carte
95%
A quel parfum sont les sucettes de France Gall, dans la chanson composée par Serge Gainsbourg ?anis
93%
Comment s'appelle la pomme, enrobée de caramel rouge et fixée au bout d'un bâton, qu'on trouve dans les fêtes foraines ?pomme d'amour
88%
Quel personnage des "Mille et Une Nuits" possède une lampe qui retient un génie prisonnier ?Aladin
83%
De la forme de quel fruit se rapproche un objet piriforme ?poire
76%
Quelle anagramme du mot "verseau" désigne la blouse courte, qui constitue la tenue ordinaire des matelots et des quartiers-maîtres ?vareuse
57%
Dans la mythologie grecque, qui est la muse de l'Histoire ?Clio
43%
Pendant l'hiver 2005-2006, quelle maladie épidémique, transmise par certains moustiques s'est propagée sur l'île de La Réunion ?chikungunya
35%
Quelle actrice incarne l'héroïne du film “Dédée d'Anvers” ?Simone Signoret
31%

Distribution des résultats

Percentile par nombre de réponses

% des personnes avec chaque résultat

Votre développement - résultats

Vous n’avez pas pris ce quiz